000 00323nam a2200133Ia 4500
005 20251222144825.0
008 251222s9999||||xx |||||||||||||| ||spa||
020 _a84-7118-404-4
082 _a234.5/J81R/1985
100 _aJuan Pablo II, Papa
245 0 _aReconciliatio et Paenitentia
264 _bEpalsa
942 _cLIB
999 _c20641
_d20641